[Event "Belgrade Winter op"]
[Site "Belgrade"]
[Date "2004.01.26"]
[Round "6"]
[White "Zlatkovic, Milos"]
[Black "Gasic, Bozidar"]
[Result "1/2-1/2"]
[WhiteElo "2131"]
[BlackElo "2174"]
[PlyCount "34"]
[EventDate "2004.01.21"]
[EventType "swiss"]
[EventRounds "9"]
[EventCountry "YUG"]
[SourceTitle "CBM 098 Extra"]
[Source "ChessBase"]
[SourceDate "2004.03.10"]
[SourceVersion "2"]
[SourceVersionDate "2004.03.10"]
[SourceQuality "1"]

1. e4 Nc6 2. Nc3 d6 3. d3 e5 4. g3 Nf6 5. Bg2 Be7 6. f4 0-0 7. Nf3 Re8 8. 0-0 d5 9. fxe5 dxe4 10. exf6 exf3 11. Qxf3 Bxf6 12. Nd5 Bd4+ 13. Kh1 Be6 14. c3 Be5 15. d4 Bxd5 16. Qxd5 Qxd5 17. Bxd5 Bf6 1/2-1/2